| 000 | 00613nam a22002177a 4500 | ||
|---|---|---|---|
| 005 | 20240229150944.0 | ||
| 008 | 240229b ||||| |||| 00| 0 eng d | ||
| 020 | _a9789358492002 | ||
| 040 |
_aIN-DiNC _cIN-DiNC |
||
| 041 | _deng | ||
| 082 |
_a333.7 _bCHU |
||
| 100 |
_aChutia, Jayanta _eauthor |
||
| 245 |
_aEnvironmental and Yoga (VAC 3 and VAC4)/ _cby Jayanta Chutia and Rashmi Sikha Bora |
||
| 250 | _a1st ed. | ||
| 260 |
_aDibrugarh: _bBanalata, _c2024. |
||
| 300 | _a232p. | ||
| 650 | _aEnvironmental studies | ||
| 650 | _aYogic practices | ||
| 700 |
_aBora, Rashmi Sikha _eauthor |
||
| 942 |
_2ddc _cBK |
||
| 999 |
_c11775 _d11775 |
||